Aires murcianos / (Record no. 101624)

MARC details
000 -LEADER
campo de control de longitud fija 00683nam a2200205 i 4500
001 - NÚMERO DE CONTROL
campo de control 101624
003 - IDENTIFICADOR DE NÚMERO DE CONTROL
campo de control ES-MaACL
005 - FECHA Y HORA DE LA ÚLTIMA TRANSACCIÓN
campo de control 20250811145627.0
007 - CAMPO FIJO DE DESCRIPCIÓN FÍSICA--INFORMACIÓN GENERAL
campo de control de longitud fija t|
008 - DATOS DE LONGITUD FIJA--INFORMACIÓN GENERAL
campo de control de longitud fija 051021s1970 sp ||||1| spa d
020 ## - NÚMERO INTERNACIONAL ESTÁNDAR DEL LIBRO
Número Internacional Estándar del Libro 821.134.2-14"19"
100 1# - ENTRADA PRINCIPAL--NOMBRE DE PERSONA
Nombre de persona Medina, Vicente,
Fechas asociadas al nombre 1866-1937
9 (RLIN) 79718
245 10 - MENCIÓN DEL TÍTULO
Título Aires murcianos /
Mención de responsabilidad, etc. Vicente Medina ; prólogo de José Ballester ; dibujos de Muñoz Barberán.
260 ## - PUBLICACIÓN, DISTRIBUCIÓN, ETC.
Lugar de publicación, distribución, etc. Murcia :
Nombre del editor, distribuidor, etc. Athenas,
Fecha de publicación, distribución, etc. 1970.
300 ## - DESCRIPCIÓN FÍSICA
Extensión 83 p. :
Otras características físicas il. ;
Dimensiones 20 cm.
700 1# - ENTRADA AGREGADA--NOMBRE PERSONAL
Nombre de persona Muñoz Barberán, Manuel,
Fechas asociadas al nombre 1921-2007
9 (RLIN) 84358
700 1# - ENTRADA AGREGADA--NOMBRE PERSONAL
Nombre de persona Ballester Nicolás, José,
Fechas asociadas al nombre 1892-1978
9 (RLIN) 25019
852 ## - LOCALIZACIÓN
Ubicación ES-MaACL
Número de control de estantería C-49061
Sublocalización o colección R.74999
Holdings
Estatus retirado Estado de pérdida Estado de daño No para préstamo Biblioteca de origen Biblioteca actual Ubicación en estantería Fecha de adquisición Fuente de adquisición Total de préstamos Signatura topográfica completa Código de barras Visto por última vez Precio de reemplazo Tipo de ítem Koha
        Biblioteca del Ateneo de Madrid Biblioteca del Ateneo de Madrid Depósito 2 17/01/2008     C-49061 1106096 23/02/2023 23/02/2023 Libro impreso